| 000 | 00920nam a2200253 i 4500 | ||
|---|---|---|---|
| 001 | 173425 | ||
| 003 | ES-MaACL | ||
| 005 | 20230906215233.0 | ||
| 008 | 091201s1981 pr |||| | spa d | ||
| 020 | _a84-499-1770-0 | ||
| 080 | _a972.95"14/15" | ||
| 100 | 1 |
_aBrau, Salvador. _931399 |
|
| 245 | 1 | 3 |
_aLa colonización de Puerto Rico / _cSalvador Brau. |
| 250 |
_a5ª ed. anotada _bpor Isabel Gutiérrez del Arroyo. |
||
| 260 |
_aSan Juan de Puerto Rico : _bInstituto de Cultura Puertorriqueña, _c1981. |
||
| 300 |
_a639 p. ; _c22 cm. |
||
| 500 | _aÍndices. | ||
| 504 | _aReferencias bibliográficas. | ||
| 651 | 4 |
_aPuerto Rico- _xHistoria- _y1493-1511, Descubrimiento y conquista. _9163440 |
|
| 651 | 4 |
_aPuerto Rico- _xHistoria- _y1511-1898, Época colonial. _9155352 |
|
| 700 | 1 |
_aGutiérrez del Arroyo, Isabel. _961131 |
|
| 710 | 2 |
_aInstituto de Cultura Puertorriqueña. _94858 |
|
| 852 |
_aES-MaACL _jC-57006 |
||
| 999 |
_c173425 _d173425 |
||